• 首页
  • 本馆介绍
  • 公告通知
  • 最新文献
  • 馆藏检索
  • 电子资源
  • 读者导购
  • 参考咨询
  • 我的图书馆
  • 登录
  • 详细信息显示
  • 放入我的书架
  • 预约/预借图书
  • 作者相关作品
  • 分类相关作品
  • 丛书相关作品
  • 出版社相关作品

书目信息

  • 表格格式
  • 工作单格式
  • 卡片格式
题名:
汽轮机设备及运行
    
 
作者: 代云修 主编 ;程翠萍 , 刘玉文 编写
分册:  
出版信息: 北京   中国电力出版社  2005
页数: 273页
开本: 26cm
丛书名:
单 册:
中图分类: TM621.4
科图分类:
主题词: 火电厂--汽轮机运行--技术教育--教材
电子资源:
ISBN: 978-7-5083-3044-0
000 00916n|m0 2200265 450-
001 0102596944
005 20121109170000.0
010    @a978-7-5083-3044-0@dCNY26.00
100    @a20050119d2005 em y0chiy0120 ea
101 0  @achi
102    @aCN@b110000
105    @ay z 000yy
135    @adrbn ---auuuu
200 1  @a汽轮机设备及运行@9Qi Lun Ji She Bei Ji Yun Xing;Hang;Heng @f代云修主编@b电子资源.图书@g程翠萍,刘玉文编写
210    @a北京@c中国电力出版社@d2005
215    @a273页@d26cm
325    @a电子复制品
330    @a本书主要讲述汽轮机的工作原理、汽轮机的构造、凝汽设备、汽轮机的调节保护及供油系统、汽轮机运行的一般知识。
606 0  @a火电厂@x汽轮机运行@x技术教育@j教材
690    @aTM621.4@v4
701  0 @a代云修@4主编@9dai yun xiu
702  0 @a程翠萍@4编写@9cheng cui ping
702  0 @a刘玉文@c(电力)@4编写@9liu yu wen
801  0 @aCN@bAZmarc@c20230904
905    @dTM621@e9@f2@sTM621/9@aBZT
    
    汽轮机设备及运行/代云修主编[电子资源.图书]/程翠萍,刘玉文编写.-北京:中国电力出版社,2005
    273页;26cm
    
    
    ISBN 978-7-5083-3044-0:CNY26.00
    本书主要讲述汽轮机的工作原理、汽轮机的构造、凝汽设备、汽轮机的调节保护及供油系统、汽轮机运行的一般知识。
●
相关链接 在五车中查询图书 在当当中查询图书 在豆瓣中查询图书


正题名:汽轮机设备及运行     索取号:TM621/9         预约/预借

序号 登录号 条形码 馆藏地/架位号 状态 备注
1 2000007278   2000007278   旧书回溯/ [索取号:TM621/9] 在馆    
2 2000007279   2000007279   旧书回溯/ [索取号:TM621/9] 在馆    
山东省滨州职业学院图书馆 欢迎您!
大连网信软件有限公司© 版权所有